3rd International Symposium Communication in the Millennium, May 11-13, 2005/ (Record no. 39984)
| 000 -BAŞLIK | |
|---|---|
| Sabit Uzunluktaki Kontrol Alanı | 01564nam a22003737a 4500 |
| 001 - KONTROL NUMARASI | |
| Control Dosyası | 0040107 |
| 003 - KONTROL NUMARASI KİMLİĞİ | |
| Kontrol Alanı | KOHA_MİRAKIL |
| 005 - EN SON İŞLEM TARİHİ ve ZAMANI | |
| Kontrol Alanı | 20260207003151.0 |
| 007 - FİZİKSEL TANIM SABİT ALAN - GENEL BİLGİ | |
| Sabit uzunluklu kontrol alanı | ta |
| 008 - SABİT UZUNLUKTAKİ VERİ ÖGELERİ - GENEL BİLGİ | |
| Sabit Alan | 130426b2005 tu a|||gro|||#1|||1|eng | |
| 020 ## - ISBN - ULUSLARARASI STANDART KİTAP NUMARASI | |
| Isbn | 9750603737 |
| 040 ## - KATALOGLAMA KAYNAĞI | |
| Özgün Kataloglama Kurumu | TR-BiSEU |
| Kataloglama Dili | tur |
| Çeviri Kurumu | TR-BiSEU |
| Açıklama Kuralları | rda |
| 041 0# - DİL KODU | |
| Metin ya da ses kaydının dil kodu | eng |
| 044 ## - YAYINLAYAN/ÜRETEN KURULUŞUN ÜLKE KODU | |
| ISO country code | tu |
| 050 ## - SINIFLAMA ve YER NUMARASI | |
| Sınıflama Numarası | P87.2 |
| Yer Numarası | .I58 2005 |
| 111 2# - TOPLANTI ADI | |
| Toplantı Adı | International Symposium Communicaiton in the Millennium (3. : 2005 : Eskişehir) |
| 9 (RLIN) | 74403 |
| 245 1# - ESER ADI BİLDİRİMİ | |
| Başlık | 3rd International Symposium Communication in the Millennium, May 11-13, 2005/ |
| Sorumluluk Bildirimi | Scientific commitee Ali Atıf Bir ... [et al.] ; co-chairs Maxwell E. McCombs, Erkan Yüksel, Serra Görpe ; organization commitee Brad Hamm ... [et al.] ; hosted by University of North Carolina,Chapel Hill (USA), Elon University (USA). |
| 264 #1 - ÜRERİM, YAYIN, DAĞITIM ve TELİF BİLDİRİMİ | |
| Yayın yeri | Eskişehir : |
| Yayınlayan | Andolu Üniversitesi |
| Yayın tarihi | 2005 |
| 300 ## - FİZİKSEL TANIMLAMA | |
| Sayfa, Cilt vb. | XIV, 607 sayfa : |
| Diğer fiziki detaylar | resimli ; |
| Boyutları | 25 cm. |
| 336 ## - İÇERİK TÜRÜ | |
| Content type term | metin |
| Content type code | txt |
| Source | rdacontent |
| 337 ## - MEDYA TÜRÜ | |
| Media type term | aracısız |
| Media type code | n |
| Source | rdamedia |
| 338 ## - TAŞIYICI TÜRÜ | |
| Carrier type term | cilt |
| Carrier type code | nc |
| Source | rdacarrier |
| 490 1# - DİZİ BİLDİRİMİ | |
| Dizi Bildirimi | Anadolu Üniversitesi yayınları no ; |
| Cilt Numarası | 1663. |
| 490 1# - DİZİ BİLDİRİMİ | |
| Dizi Bildirimi | İletişim bilimleri Fakültesi yayınları no ; |
| Cilt Numarası | 65 |
| 500 ## - GENEL NOT | |
| Genel Not | Includes bibliography. |
| 650 #0 - KONU BAŞLIĞI EK GİRİŞ - KONU TERİMİ | |
| Konusal terim veya coğrafi ad | Communication--Congresses. |
| 9 (RLIN) | 11594 |
| 650 #0 - KONU BAŞLIĞI EK GİRİŞ - KONU TERİMİ | |
| Konusal terim veya coğrafi ad | İletişim--Kongreler. |
| 9 (RLIN) | 18939 |
| 650 #0 - KONU BAŞLIĞI EK GİRİŞ - KONU TERİMİ | |
| Konusal terim veya coğrafi ad | Mass medis--Congresses. |
| 9 (RLIN) | 74404 |
| 650 #0 - KONU BAŞLIĞI EK GİRİŞ - KONU TERİMİ | |
| Konusal terim veya coğrafi ad | Kitle iletişim--Kongreler. |
| 9 (RLIN) | 74405 |
| 830 1# - SERİ EK GİRİŞİ - TEKBİÇİM ESER ADI | |
| Tekbiçim Başlık | Anadolu Üniversitesi yayınları no ; |
| Volume number/sequential designation | 1663. |
| 9 (RLIN) | 6150 |
| 830 1# - SERİ EK GİRİŞİ - TEKBİÇİM ESER ADI | |
| Tekbiçim Başlık | İletişim bilimleri Fakültesi yayınları no ; |
| Volume number/sequential designation | 65 |
| 9 (RLIN) | 74406 |
| 907 ## - LOCAL DATA ELEMENT G, LDG (RLIN) | |
| a | Sempozyum |
| 942 ## - EK GİRİŞ ÖGELERİ (KOHA) | |
| Source of classification or shelving scheme | Library of Congress Classification |
| Koha item type | Book |
| Materyal Türü | Kalıcı Konum | Mevcut Konum | Raf Yeri | Sınıflandırma Kaynağı | Edinim Bilgisi | Ana Konular | Alt Konular | Yer Numarası | Demirbaş Numarası | Fatura Tarihi | Geri Çekilme Durumu | Kayıp Durumu | Hasarlı Durumu | Kredi için değil | Kayıt Tarih | Toplam Ödünçverme | Son Görülme Tarihi | Son Kontrol Tarihi | Genel / Bağış Notu |
|---|---|---|---|---|---|---|---|---|---|---|---|---|---|---|---|---|---|---|---|
| Book | Prof. Dr. Azmi Özcan Kütüphanesi | Prof. Dr. Azmi Özcan Kütüphanesi | Birûni Salonu | Library of Congress Classification | Bağış | DİL VE EDEBİYAT | Filoloji, Dilbilim | P87.2 .I58 2005 | 0040107 | 02/02/2026 | 26/04/2013 | 05/12/2024 | 05/12/2024 | Genel Bağış |
